Datum a čas kvízu
22.5
Celkem bodů
Celkový počet nahraných bodů na tomto kvízu bez doplňovacích otázek.
6.
Pořadí na kvízu
Konečné umístění týmu na tomto kvízu.
Zaznamenané odpovědi
| # | Otázka | Odpověď | Body | Výsledky |
|---|---|---|---|---|
| 1. | V pátek přejel první vlak přes... | Orlík | 1 | |
| 2. | Po devíti dnech pátrání byla v... | v Paříži | 0 | |
| 3. | Počátkem týdne byl představen... | Marek Ztracený, Ester Ledecká | 0.5 | |
| 4. | Ve čtvrtek byly vyhlášeny výsl... | Zásilkovna | 1 | |
| 5. | Při zápase brazilské fotbalové... | pódium (stage) | 0 | |
| 6. | Začneme mladším (a slavnějším)... | R.U.R. | 1 | |
| 7. | Josef Čapek byl především malí... | C | 1 | |
| 8. | Přiřaďte k těmto literárním dí... | 1B 2D 3A 4C | 0 | |
| 9. | Doplňte dvouslovný název třetí... | Obyčejný život | 0 | |
| 10. | Napište název dramatu, jehož z... | Matka | 0 |